<The> Role of the Trading Volume in Explaining the Volatility Persistence: Evidence from Austrian, Belgian and French Stock Market

Volatilita, obchod, akciový trh - Rakúsko, Belgicko a Francúzsko. GARCH, EGARCH, GJR-GARCH modely. Metodológia. Dáta, empirické výsledky.

Salvato in:
Dettagli Bibliografici
Autore principale: Chocholatá, Michaela, 1977-
Natura: Capitolo di libro
Lingua:inglese
Soggetti:
Tags: Aggiungi Tag
Nessun Tag, puoi essere il primo ad aggiungerne!!

MARC

LEADER 00000naa a2200000 4500
001 0150629
005 20240502083344.7
041 0 |a eng 
044 |a PL 
245 1 0 |a <The> Role of the Trading Volume in Explaining the Volatility Persistence: Evidence from Austrian, Belgian and French Stock Market  |c Michaela Chocholatá 
520 |a Volatilita, obchod, akciový trh - Rakúsko, Belgicko a Francúzsko. GARCH, EGARCH, GJR-GARCH modely. Metodológia. Dáta, empirické výsledky. 
610 2 0 |a volatilita 
610 2 0 |a obchod 
610 2 0 |a trh akciový 
610 2 0 |a metodológia 
610 2 0 |a Rakúsko 
610 2 0 |a Belgicko 
610 2 0 |a Francúzsko 
100 1 |a Chocholatá, Michaela, 1977-